| 000 | 01096nam a22002417a 4500 | ||
|---|---|---|---|
| 999 |
_c18635 _d18635 |
||
| 003 | AR-CdUCM | ||
| 008 | 190514b ||||| |||| 00| 0 spa d | ||
| 020 | _a968-816-032-6 | ||
| 040 |
_aMUNICIPALIDAD PROVINCIAL DEL CUSCO _cBIBLIOTECA MUNICIPAL DEL CUSCO |
||
| 082 |
_a974.51 / _bR22 |
||
| 100 |
_aRangel, Magdalena E. de _939341 |
||
| 245 |
_aEl palacio de los condes de Heras Soto : _bsede del centro histórico de la ciudad de México / |
||
| 260 |
_aMéxico : _bSecretaria general de desarrollo social, _c1984. |
||
| 300 |
_a194 páginas ; _bIlustraciones, _c22 cm. |
||
| 440 |
_aColección distrito federal ; _n5 _939342 |
||
| 505 | _aContenido: Que es el centro histórico de la ciudad de México -- Situación histórica y artística de la época -- Un palacio del siglo XVII -- Quien fue el posible constructor -- Alférez y capitán de granaderos ... | ||
| 650 |
_aCentro histórico _930912 |
||
| 650 |
_aCiudad de México _939306 |
||
| 650 |
_aMonumentos coloniales _939343 |
||
| 710 |
_aDepartamento del distrito federal _912486 |
||
| 942 |
_2ddc _cLIBROS |
||
| 945 |
_aacv _d2019-05-14 |
||